000 03800nkm0a2200649 4500
001 RU\NLR\BIBL_A\011480985
005 20260409064150.0
035 _a(NLR Aleph) 011480985
071 5 0 _a1310
090 _a13414867
_c13414867
100 _a20170928f19041914|||y0rusy50 ca
101 0 _arus
_ager
_afre
102 _aRU
116 _adiycxx zz ae
135 _acrcn 024anaba
200 1 _aНа Св. Пасхе
_bИзоматериал
_dZu Ostern
_eоткрытое письмо
_fИ. Куликов
_zger
210 _aС.-Петербург
_cиздание "Ришар"
_d[между 1904 и 1914]
_gТ-во Голике и Вильборг
215 _a1 л.
_cцв. автотип.
_d13,9х9
300 _aЗагл. также на фр. яз.: Départ pour la messe de Pâque
300 _aХудожник также на нем. яз.: J. Kul[i]koff
300 _aСправа вверху факс. подписи художника: "И. Куликов"
300 _aВых. дан. также на фр. яз.: St. Pétersbourg : edition "Richard"
300 _aНа адрес. стороне изд. марка: "Richard" "Ришар"
301 _aИзд. номер: № 1310
325 1 _aКопия доступна в электронной библиотеке РНБ
327 0 _aМолодая женщина в русском костюме, держащая в руках ковш с пасхальными яйцами
510 1 _6z42790
_aZu Ostern
_zger
517 1 _aDépart pour la messe de Pâque
_zfre
532 1 2 _aНа Святой Пасхе
540 1 _aНа пасхальную службу
540 1 _aМолодая женщина в русском костюме, держащая в руках ковш с пасхальными яйцами
606 1 _aПочтовые открытки маркированные художественные
_yРоссия
_z1895 - 1917
_92195710
_3RU\NLR\AUTH\6601555036
606 1 _aКостюм русский
_jОткрытки
_92083217
_3RU\NLR\AUTH\661259267
606 1 _aКостюм женский
_jОткрытки
_92115309
_3RU\NLR\AUTH\661581475
610 1 _aПоздравительные открытки
610 1 _aПасхальные открытки
610 1 _aПасхальные яйца
620 _dСанкт-Петербург
620 _dSt. Pétersbourg
686 0 _aЩ153(2Р=Рус)53-489
700 1 _4040
_aКуликов
_bИ. С.
_f1875-1941
_gИван Семенович
_9178569
_3RU\NLR\AUTH\770178620
712 0 2 _4650
_a"Ришар", издательство
_cПетербург
_3RU\NLR\AUTH\880381912
_9430085
712 0 2 _4610
_a"Голике, Р. и Вильборг, А.", товарищество
_cПетербург
_3RU\NLR\AUTH\8810222039
_9328916
790 1 _7ba
_8rus
_aKulikov
_bI. S.
_f1875-1941
_gIvan Semenovič
_9178570
_3RU\NLR\AUTH\770178621
830 _aГраницы датировки открытки: 1904 - по оформлению адресной стороны; 1914 - по использованию названия "С.-Петербург". А.Я. ОЭст
852 0 0 _aNLR
_bЭ
_jОИс525,1/К903
_mЭот26785
856 0 _uhttp://vivaldi.nlr.ru/lo000010000/view
856 1 _uhttp://vivaldi.nlr.ru/lo000010000/cover
856 2 _uhttp://vivaldi.nlr.ru/lo000010000/text
901 _eИзографические материалы
942 _cVISUAL
980 _aNB
981 1 7 _a(17) Изографические материалы
_b(17) Открытки